000 03173cam0 2200685 ib4500
001 BY-HR0016-br6323410
005 20260402121516.0
010 ^a978-985-02-2331-9
^bв переплете
035 ^a(BY-MI0000)BY-HR0016-br6323410
035 ^a(BY-MI0006)BY-HR0016-br6323410
035 ^a(BY-MI0012)BY-HR0016-br6323410
100 ^a20260305d2026 dddy0rusy50 ca
101 0 ^arus
102 ^aBY
105 ^ay z 000zy
109 ^ama
181 0 ^ai4
182 0 ^an
200 1 ^aАлые паруса
^eпроизведения русских писателей
^eдля среднего школьного возраста
^fЛ. Толстой, [и др.]
^gсоставитель Алесь Бадак
203 ^aТекст
^cнепосредственный
210 ^aМинск
^cМастацкая літаратура
^d2026
215 ^a365, [1] c.
^d22 см
225 1 ^aШкольная хрестоматия
300 ^aРСЗЛ
327 1 ^aСодержание: авторы : Л. Толстой, А. Чехов, А. Грин, Н. Гоголь, А. Пушкин, М. Лермонтов, И. Тургенев, В. Маяковский, А. Плещеев, Н. Некрасов, А. Фет, Ф. Сологуб, И. Бунин, С. Есенин, М. Цветаева
333 ^a12+
345 ^91500 экз.
608 ^aПОВЕСТЬ
^3BY-NLB-ar23936
^2BYGNR
608 ^aРАССКАЗ
^3BY-NLB-ar27475
^2BYGNR
608 ^aПЬЕСА
^3BY-NLB-ar2474222
^2BYGNR
608 ^aПОЭМА (лит.)
^3BY-NLB-ar25016
^2BYGNR
608 ^aСТИХОТВОРЕНИЕ
^3BY-NLB-ar32087
^2BYGNR
608 ^aДЕТСКАЯ И ЮНОШЕСКАЯ ЛИТЕРАТУРА (художеств. произведение)
^3BY-NLB-ar9019
^2BYGNR
615 ^aБелорусский национальный документ
^3BY-SEK-ar1826174
686 ^a84(2Рос)-4 + 84(2Рос)-5
^2rubbk
690 ^a1
^2Base
^9BY-MI0000
^xRSEK
701 1 ^aТолстой
^bЛ. Н.
^3BY-NLB-ar2305130
701 1 ^aЧехов
^bА. П.
^3BY-NLB-ar37817
701 1 ^aГрин
^bА. С.
^3BY-NLB-ar116308
701 1 ^aГоголь
^bН. В.
^3BY-NLB-ar93856
701 1 ^aПушкин
^bА. А.
^3BY-SEK-ar10591092
701 1 ^aЛермонтов
^bМ. Ю.
^3BY-NLB-ar2308919
701 1 ^aТургенев
^bИ. С.
^3BY-NLB-ar93423
701 1 ^aМаяковский
^bВ. В.
^3BY-NLB-ar2306793
701 1 ^aПлещеев
^bА. Н.
^3BY-CNB-a313357
701 1 ^aНекрасов
^bН. А.
^3BY-NLB-ar135400
701 1 ^aФет
^bА. А.
^3BY-NLB-ar135172
701 1 ^aСологуб
^bФ. К.
^3BY-NLB-ar95801
701 1 ^aБунин
^bИ. А.
^3BY-NLB-ar94928
701 1 ^aЕсенин
^bС. А.
^3BY-NLB-ar130517
701 1 ^aЦветаева
^bМ. И.
^3BY-NLB-ar109958
702 1 ^aБадак
^bА.
^3BY-NLB-ar2228112
^4220
801 0 ^aBY
^bBY-BR0002
^c20260305
^gRCR
801 2 ^aBY
^bBY-MA0009
^c20260305
^gRCR
801 2 ^aBY
^bBY-MI0012
^c20260318
^gRCR
801 2 ^aBY
^bBY-MI0000
^c20260326
^gRCR
899 0 ^aBY-MI0000
^iА55
^h84(2Рос)